LIBRARY & INFORMATION CENTRE, KCAET, TAVANUR

ONLINE PUBLIC ACCESS CATALOGUE (OPAC)

Materials and manufacturing processes for agricultural machines / (Record no. 400)

MARC details
000 -LEADER
fixed length control field 00503cam a2200181ua 4500
041 ## - LANGUAGE CODE
Language code of text/sound track or separate title eng
082 ## - DEWEY DECIMAL CLASSIFICATION NUMBER
Classification number 631
Item number BHA/MA
100 ## - MAIN ENTRY--AUTHOR NAME
Personal name Bharadwaj, K C .
245 ## - TITLE STATEMENT
Title Materials and manufacturing processes for agricultural machines /
260 ## - PUBLICATION, DISTRIBUTION, ETC. (IMPRINT)
Place of publication Bhopal :
Name of publisher Centre Institute of Agricultural Engineering ,
Year of publication 2003.
300 ## - PHYSICAL DESCRIPTION
Number of Pages 347 ; .
942 ## - ADDED ENTRY ELEMENTS (KOHA)
Koha item type Books
Holdings
Withdrawn status Lost status Damaged status Home library Current library Date acquired Full call number Accession Number Koha item type
      KAUAET KAUAET 07/04/2012 631 20768 Books
      KAUAET KAUAET 07/04/2012 631 20767 Books
      KAUAET KAUAET 07/04/2012 631 20789 Books
      KAUAET KAUAET 07/04/2012 631 20790 Books
free website counter